000 00517nam a22001817a 4500
005 20251108165229.0
008 250721s2007 xx 000 0 ara d
082 1 4 _a004/جيي
100 1 _aجيير، جيه
245 1 0 _aأجهزة الكمبيوتر إصلاحات في 5 دقائق /
264 1 _aالرياض :
_bمكتبة جرير،
_c2007.
300 _a165ص.
650 1 7 _aالكمبيوتر
700 1 _aجيير، إي.
700 1 _aآر كنج، جيه .
942 _2ddc
_cBK
999 _c22738
_d22738